[Event "Prva liga Centralne Srbije 2007"]
[Site "Vrnjacka Banja"]
[Date "2007.10.14"]
[Round "6.6"]
[White "Markovic, Dejan M"]
[Black "Milenkovic, Mladen"]
[Result "0-1"]
[WhiteElo "2309"]
[BlackElo "2307"]
[PlyCount "104"]
[EventDate "2007.09.09"]

1. d4 Nf6 2. Nf3 c5 3. c3 b6 4. g3 Bb7 5. Bg2 g6 6. O-O Bg7 7. Bg5 h6 8. Bxf6
Bxf6 9. Re1 d5 10. Nbd2 cxd4 11. cxd4 O-O 12. Rc1 Nc6 13. e3 Qd7 14. a3 Rfc8
15. Bf1 e5 16. dxe5 Nxe5 17. Nd4 Rxc1 18. Qxc1 Rc8 19. Qb1 Nc4 20. N2f3 a6 21.
a4 Nd6 22. b3 Ne4 23. Rc1 Rc5 24. b4 Rc3 25. b5 Rxc1 26. Qxc1 a5 27. Bd3 Qd6
28. Qc2 Kg7 29. Qb3 Nc5 30. Qd1 Nxd3 31. Qxd3 Bc8 32. Kg2 h5 33. Qc2 Bd7 34. h3
Kf8 35. Qc3 Ke7 36. Qc2 Kd8 37. Qc3 Be7 38. Qc2 Qc5 39. Qd1 Bf6 40. Qb3 Ke7 41.
Qd1 Qc4 42. Qc2 Qxc2 43. Nxc2 Kd6 44. Nd2 Bf5 45. e4 Bxe4+ 46. Nxe4+ dxe4 47.
Kf1 Kc5 48. Ke2 Bd4 49. g4 hxg4 50. hxg4 f5 51. Ne1 fxg4 52. Ng2 Kb4 0-1

[Event "Prva liga Centralne Srbije 2007"]
[Site "Vrnjacka Banja"]
[Date "2007.10.14"]
[Round "6.6"]
[White "Civric, Zdravko"]
[Black "Trickovic, Borivoje"]
[Result "1-0"]
[WhiteElo "2190"]
[BlackElo "2280"]
[PlyCount "77"]
[EventDate "2007.09.09"]

1. e4 Nf6 2. e5 Nd5 3. d4 d6 4. c4 Nb6 5. Nf3 Bg4 6. exd6 exd6 7. Be2 Be7 8.
O-O O-O 9. Nc3 Nc6 10. b3 Re8 11. Ne4 d5 12. cxd5 Qxd5 13. Nc3 Qa5 14. Bb2 Rad8
15. Na4 Bf6 16. Bc3 Qd5 17. Nxb6 axb6 18. h3 Bh5 19. Rc1 b5 20. Ba1 Qe4 21. Re1
Qf4 22. g3 Qd6 23. g4 Bg6 24. Bxb5 Rxe1+ 25. Qxe1 Nb4 26. a3 Nd3 27. Bxd3 Bxd3
28. Ne5 Ba6 29. a4 Bg5 30. Rd1 Qd5 31. Qc3 Bf4 32. Re1 f6 33. Nd3 Bd6 34. Nb4
Bxb4 35. Qxb4 b6 36. Re7 Qf3 37. Qc3 Qxc3 38. Bxc3 Rc8 39. f4 1-0

[Event "Prva liga Centralne Srbije 2007"]
[Site "Vrnjacka Banja"]
[Date "2007.10.14"]
[Round "6.6"]
[White "Jonic, Vladimir"]
[Black "Minic, Miroslav"]
[Result "1-0"]
[WhiteElo "2208"]
[BlackElo "2086"]
[PlyCount "119"]
[EventDate "2007.09.09"]

1. e4 e5 2. Nf3 Nf6 3. Nxe5 d6 4. Nf3 Nxe4 5. Nc3 Nxc3 6. dxc3 Bf5 7. Nd4 Bg6
8. Qf3 Qe7+ 9. Be3 Be4 10. Qg3 Qe5 11. Qxe5+ dxe5 12. Nb5 Na6 13. O-O-O c6 14.
Nd6+ Bxd6 15. Rxd6 Ke7 16. Rd2 Nc7 17. f3 Bf5 18. Bc5+ Kf6 19. g4 Be6 20. Rg1
Rhe8 21. h4 Bd5 22. Rf2 b6 23. Bd6 Nb5 24. Bxb5 cxb5 25. f4 exf4 26. Rd1 Be6
27. Rxf4+ Kg6 28. Rg1 f6 29. h5+ Kf7 30. h6 g6 31. Be5 f5 32. g5 Bxa2 33. Bf6
Be6 34. Rd1 Rac8 35. b3 Rc7 36. Rfd4 Rec8 37. Rd6 Re8 38. Kb2 Rec8 39. Re1 Re8
40. Red1 Rec8 41. Re1 Re8 42. Ra1 Ra8 43. Rxb6 Bd7 44. Rba6 Bc8 45. Rd6 Rd7 46.
Rxd7+ Bxd7 47. Ra6 f4 48. Be5 f3 49. Rf6+ Ke7 50. Bd6+ Kd8 51. Rf8+ Be8 52.
Rxf3 a5 53. Bc5 Rb8 54. Rf8 Rb7 55. Rh8 a4 56. Bd4 Rf7 57. Bg7 Rf5 58. Rxh7 Ke7
59. Bf6+ Kd6 60. Re7 1-0